Statystyki dla Złote karty Francuzów w EA FC 24

Kliknij tutaj aby rozwiązać quiz!

Ogólne statystyki

  • Ten quiz został rozwiązany 44 razy
  • Średni wynik to 36 z 142

Statystyki odpowiedzi

KlubZawodnik% Poprawnych
PSGKylian Mbappe
100%
Al-IttihadKarim Benzema
91%
Al-EttifaqMoussa Dembele
91%
PSGOusmane Dembele
91%
Al-IttihadNgolo Kante
88%
Atletico MadrytAntoine Griezmann
82%
Manchester UnitedRaphael Varane
79%
ChelseaChristopher Nkunku
74%
PSGLucas Hernandez
74%
AC MilanMike Maignan
74%
AC MilanTheo Hernandez
74%
Real MadrytEduardo Camavinga
71%
BayernKingsley Coman
71%
AC MilanOlivier Giroud
71%
FC BarcelonaJules Kounde
68%
JuventusAdrien Rabiot
62%
Real MadrytFerland Mendy
62%
BayernDayot Upamecano
59%
ArsenalWilliam Saliba
59%
JuventusPaul Pogba
56%
PSGPresnel Kimpembe
56%
Real MadrytAurelien Tchouameni
53%
Inter MediolanBenjamin Pavard
50%
LiverpoolIbrahima Konate
50%
AS MonacoWissam Ben Yedder
50%
TottenhamHugo Lloris
47%
OGC NiceKhephren Thuram
47%
Inter MediolanMarcus Thuram
47%
Real BetisNabil Fekir
47%
ChelseaWesley Fofana
47%
AS MonacoYoussouf Fofana
47%
Olympique LyonAlexandre Lacazette
44%
Manchester UnitedAnthony Martial
44%
Aston VillaMoussa Diaby
44%
PSGRandal Kolo Muani
44%
West HamAlphonse Areola
35%
Olympique LyonCorentin Tolisso
32%
PSGNordi Mukiele
32%
RennesSteve Mandanda
32%
Atletico MadrytThomas Lemar
32%
NantesAlban Lafont
29%
ChelseaAxel Disasi
29%
ChelseaBenoit Badiashile
29%
Aston VillaBoubacar Kamara
29%
RB LipskMohamed Simakan
29%
AC MilanPierre Kalulu
29%
Al-AhliAllan Saint-Maximin
26%
PSGBradley Barcola
26%
LensBrice Samba
26%
Aston VillaClement Lenglet
26%
Olympique MarsyliaJonathan Clauss
26%
RennesMartin Terrier
26%
OGC NiceJean-Clair Todibo
24%
Aston VillaLucas Digne
24%
GalatasarayTanguy Ndombele
24%
MontpellierTeji Savanier
24%
VillarrealEtienne Capoue
21%
VillarrealFrancis Coquelin
21%
OGC NiceGaetan Laborde
21%
PSGHugo Ekitike
21%
FulhamIssa Diop
21%
Celta VigoJonathan Bamba
21%
LazioMatteo Guendouzi
21%
Crystal PalaceMichael Olise
21%
Crystal PalaceOdsonne Edouard
21%
OGC NiceSofiane Diop
21%
FiorentinaJonathan Ikone
18%
Olympique MarsyliaJordan Veretout
18%
Borussia MonchengladbachKone
18%
West HamKurt Zouma
18%
GalatasaraySacha Boey
18%
LensSotoca
18%
Borussia MonchengladbachAlassane Plea
15%
RennesBenjamin Bourigeaud
15%
LensElye Wahi
15%
RomaEvan N'Dicka
15%
Olympique MarsyliaGigot
15%
Leeds UnitedIllan Meslier
15%
Union BerlinLucas Tousart
15%
WolfsburgMaxence Lacroix
15%
Olympique LyonRayan Cherki
15%
LilleSamuel Umtiti
15%
BragaSimon Banza
15%
Olympique MarsyliaValentin Rongier
15%
LensAdrien Thomasson
12%
RennesAmine Gouiri
12%
SassuoloArmand Lauriente
12%
LilleBenjamin Andre
12%
RB LipskCastello Lukeba
12%
Racing SantanderClement Grenier
12%
Rayo VallecanoFlorian Lejeune
12%
LilleLucas Chevalier
12%
RennesLudovic Blas
12%
ChelseaMalo Gusto
12%
Olympique LyonMaxence Caqueret
12%
FiorentinaMaxime Lopez
12%
OGC NiceMorgan Sanson
12%
LilleRemy Cabella
12%
LensAngelo Fulgini
9%
RennesEnzo Le Fee
9%
Crystal PalaceJean-Philippe Mateta
9%
StrasbourgKevin Gameiro
9%
MainzLudovic Ajorque
9%
OGC NiceAlexis Claude-Maurice
6%
MainzAnthony Caci
6%
BochumAnthony Losilla
6%
RennesArnaud Kalimuendo
6%
Borussia MonchengladbachFranck Honorat
6%
LensJonathan Gradit
6%
SevillaLoic Bade
6%
Red Bull SalzburgOumar Solet
6%
WolverhamptonRayan Ait Nouri
6%
OGC NiceRomain Perraud
6%
Bayer LeverkusenAmine Adli
3%
LilleBafode Diakite
3%
RennesBaptiste Santamaria
3%
AEK AtenyDjibril Sidibe
3%
AntwerpJean Butez
3%
WolverhamptonJean-Ricner Bellegarde
3%
Union BerlinJerome Roussillon
3%
BrestPierre Lees-Melou
3%
BragaSikou Niakate
3%
BesiktasValentin Rosier
3%
RennesWarmed Omari
3%
RennesAdrien Truffert
0%
AnderlechtAlexis Flips
0%
MontpellierBenjamin Lecomte
0%
MontpellierChristopher Jullien
0%
Las PalmasEnzo Loiodice
0%
EintrachtEric Junior Dina Ebimbe
0%
SamsunsporFlavien Tait
0%
StrasbourgFrederic Guilbert
0%
ClermontJohan Gastien
0%
MontpellierJordan Ferri
0%
LorientJulien Laporte
0%
LorientLaurent Abergel
0%
AnderlechtMaxime Dupe
0%
NantesNicolas Pallois
0%
PSVOlivier Boscagli
0%
LorientRomain Faivre
0%
SevillaSoumare
0%
ReimsYehvann Diouf
0%

Rozkład punktacji

Percentyl według liczby udzielonych odpowiedzi

Procent ludzi z każdym wynikiem

Twoja historia wyników

Nie rozwiązałeś tego quizu